Účtovná závierka poisťovní v zmysle IFRS

Definovanie východísk účtovnej závierky v zmysle IFRS. Súčasti účtovnej závierky poisťovní v zmysle IFRS. Prvé zostavenie účtovnej závierky v zmysle IFRS. Dôsledky používania IAS/IFRS.

Saved in:
Bibliographic Details
Main Author: Pastoráková, Erika, 1972-
Format: Book Chapter
Language:Slovak
Subjects:
Tags: Add Tag
No Tags, Be the first to tag this record!

MARC

LEADER 00000nla$a2200000$$$4500
001 0072713
005 20240502071848.4
041 0 |a slo 
044 |a SK 
245 1 0 |a Účtovná závierka poisťovní v zmysle IFRS  |c Erika Pastoráková 
520 |a Definovanie východísk účtovnej závierky v zmysle IFRS. Súčasti účtovnej závierky poisťovní v zmysle IFRS. Prvé zostavenie účtovnej závierky v zmysle IFRS. Dôsledky používania IAS/IFRS. 
610 2 0 |a výkazníctvo finančné 
610 2 0 |a závierka účtovná konsolidovaná 
610 2 0 |a normy účtovné 
610 2 0 |a poisťovne 
610 2 0 |a poisťovníctvo 
610 2 0 |a štandardy účtovné medzinárodné 
100 1 |a Pastoráková, Erika, 1972-